New english 900 Q.3

Đã lưu trong:
书目详细资料
格式: 图书
语言:Vietnamese
出版: Tp. Hồ Chí Minh Đại học tổng hợp Tp. Hồ Chí Minh 1987
丛编:Tủ sách Đại học tổng hợp Tp. Hồ Chí Minh
主题:
标签: 添加标签
没有标签, 成为第一个标记此记录!
Thư viện lưu trữ: Trung tâm Học liệu Lê Vũ Hùng, Trường Đại học Đồng Tháp
LEADER 00771pam a22002298a 4500
001 00025122
005 20171026081022.0
008 110731s1987 ||||||viesd
041 0 # |a vie 
082 1 4 |a 428  |b N200W 
245 0 0 |a New english 900  |c Dịch và chú thích : Trần Ngọc Dung  |n Q.3 
260 # # |a Tp. Hồ Chí Minh  |b Đại học tổng hợp Tp. Hồ Chí Minh  |c 1987 
300 # # |a 268tr.  |b hình vẽ  |c 20 cm. 
490 0 # |a Tủ sách Đại học tổng hợp Tp. Hồ Chí Minh 
650 # 4 |a Bài tập 
650 # 4 |a Tiếng anh 
852 # # |b Kho đọc  |j KD.0008803 
852 # # |j KD.0008803 
910 |d 31/07/2011 
980 # # |a Trung tâm Học liệu Lê Vũ Hùng, Trường Đại học Đồng Tháp